| 000 | 00824cab a22001935a 4500 | ||
|---|---|---|---|
| 001 | L147132 | ||
| 008 | 090406e20090327xxkad f 000 0 eng d | ||
| 035 | _a(Sirsi) u147132 | ||
| 041 | 0 | _aeng | |
| 100 | 1 | _aHatcher, David | |
| 245 | 0 | 0 |
_aRegional report _bWest London |
| 260 | _c2008 | ||
| 490 | 0 |
_aProperty Week _v75(13) 27 March 2009, 59-66(6) |
|
| 520 | _aReports on news and deals from around the region. Reveals that schemes for Hounslow are struggling to complete, but the centre in Feltham offers some positive news for the borough. Considers what the third runway at Heathrow will mean for local developers and landlords. Reveals that plans to develop Ealing town centre are now on hold. | ||
| 590 | _aKA | ||
| 651 | 4 | _aLondon | |
| 690 | _aPROPERTY-COMMERCIAL PROPERTY-COMMERCIAL PROPERTY MARKET | ||
| 942 | _n0 | ||
| 999 |
_c81398 _d81398 |
||